MARC

LEADER 00000nam0a2200000 4500
001 273870
005 20231101234654.0
035 |a (RuTPU)RU\TPU\book\297080 
090 |a 273870 
100 |a 20141029d1987 k y0rusy50 ca 
101 0 |a rus 
102 |a RU 
105 |a a z 001zy 
200 1 |a Петрология ископаемых углей  |f Свердловский горный институт им. В. В. Вахрушева 
210 |a Москва  |c Недра  |d 1987 
215 |a 181 с.  |c ил. 
320 |a Библиогр.: с. 178-180 
606 1 |a Угли ископаемые  |x Петрография  |2 stltpush  |3 (RuTPU)RU\TPU\subj\62431  |9 79507 
610 1 |a углеобразование 
610 1 |a углеобразующие компоненты 
610 1 |a литотипы 
610 1 |a угольные породы 
610 1 |a петрогенетические типы 
610 1 |a метаморфизм 
610 1 |a структура 
610 1 |a исследование 
675 |a 552.57  |v 3 
712 0 2 |a Свердловский горный институт им. В. В. Вахрушева  |c (1934-1991)  |2 stltpush  |3 (RuTPU)RU\TPU\col\6743  |9 24264 
801 1 |a RU  |b 63413507  |c 20141029 
801 2 |a RU  |b 63413507  |c 20170117  |g RCR 
942 |c BK